000 00934nam a2200253 i 4500
001 61431
003 ES-MaACL
005 20250727030518.0
007 t|
008 031112s1978 mx af |||| | spa d
080 _a(=1:721/727-81)
100 1 _aFabila, Alfonso.
_948520
245 1 4 _aLas tribus yaquis de Sonora
_b: su cultura y anhelada autodeterminación /
_cAlfonso Fabila.
260 _a[México] :
_bInstituto Nacional Indigenista,
_c[1978]
300 _a330 p., 9 lám. :
_bil. ;
_c21 cm.
490 1 _aClásicos de la antropología mexicana ;
_v5
650 4 _aIndios de México.
_9157375
650 4 _aYaquis (Indios)-
_zSonora (México, Estado)
_9159834
651 4 _aMéxico-
_xHistoria-
_y1521-1821, Época colonial.
_9158070
710 2 _aInstituto Nacional Indigenista (México)
_95196
830 0 _aClásicos de la antropología mexicana
_v5
_9184456
852 _aES-MaACL
_jA-9987
999 _c61431
_d61431